Geography Quiz

Random Geography or State Quiz

San Antonio Int'l Airport Destinations (2-18-20) Quiz Stats

 Plays Quiz not verified by Sporcle

Support Sporcle.
Go Orange.
Score 0/39 Timer 12:00
0 Plays Today
Airline City % Correct
Delta, Frontier, SouthwestAtlanta
98.6%
Delta, Delta Connection, Sun Country Minneapolis-St. Paul
98.6%
AlaskaSeattle-Tacoma
97.2%
Allegiant, Frontier, Southwest, Sun Country Las Vegas
97.2%
American, American Eagle, United, United ExpressChicago-O'Hare
97.2%
American, American Eagle, Delta Connection, Southwest, United ExpressLos Angeles
97.2%
American, American Eagle Miami
97.2%
American, Delta New York-JFK
97.2%
American, SouthwestPhoenix-Sky Harbor
97.2%
Delta, Delta ConnectionDetroit
97.2%
Frontier, Southwest, United, United ExpressDenver
97.2%
Frontier, SouthwestOrlando
97.2%
SouthwestDallas-Love
97.2%
SouthwestNashville
97.2%
SouthwestNew Orleans
97.2%
SouthwestSan Diego
97.2%
Sun Country Portland
97.2%
Aeromexico Connect, Interjet, Volaris Mexico City
95.8%
American, American EagleCharlotte
95.8%
AmericanPhiladelphia
95.8%
Airline City % Correct
Delta, Delta Connection Salt Lake City
95.8%
SouthwestBaltimore
95.8%
SouthwestChicago-Midway
95.8%
SouthwestSt. Louis
95.8%
SouthwestCancun
95.8%
United, United ExpressNewark
95.8%
AmericanDallas-Fort Worth
94.4%
SouthwestEl Paso
94.4%
SouthwestFort Lauderdale
94.4%
SouthwestHouston-Hobby
94.4%
United ExpressSan Francisco
94.4%
SouthwestKansas City
93.1%
United, United Express Houston-Intercontinental
93.1%
Allegiant Orlando-Sanford
91.7%
SouthwestTampa
91.7%
SouthwestOakland
90.3%
Interjet, Volaris Guadalajara
88.9%
United, United Express Washington-Dulles
88.9%
Interjet, VivaAerobus Monterrey
76.4%

You're not logged in!

Compare scores with friends on all Sporcle quizzes.
OR
Log In

From the Vault

10 Down Blitz: Language

by SporcleEXP

This is definitely a weird way of counting, but we guess it's one way to learn.
Remove Ads.
Support Sporcle.
Get the best of Sporcle when you Go Orange. This ad-free experience offers more features, more stats, and more fun while also helping to support Sporcle. Thank you for becoming a member.

Show Comments

Extras

Top Quizzes Today


Score Distribution

Your Account Isn't Verified!

In order to create a playlist on Sporcle, you need to verify the email address you used during registration. Go to your Sporcle Settings to finish the process.

Report this User

Report this user for behavior that violates our Community Guidelines.

Details: